Представление документа в формате RUSMARC

ПолеНазваниеЗначение
  Тип записи a
  Библиографический уровень m
001 Контрольный номер b7398179df3348ba8ddccabfc473042f
005 Дата корректировки 20140905094313.4
010 Индекс ISBN __
a ISBN 5-7990-0150-8
200 Заглавие и сведения об ответственности 1_
a Заглавие Тарифно-квалификационный справочник
210 Выходные данные 1_
a Место издания М.
c Издательство ПРИОР
d Дата издания 1999
215 Физическое описание __
a Объем 240 с.
610 Ключевые слова 0_
a Ключевые слова тарифно-квалификационные характеристики
686 Индексы других классификаций __
a Классификационный индекс 65.9(2)24
2 Код системы rubbk
686 Индексы других классификаций __
a Классификационный индекс 65.9(2)245.6
2 Код системы rubbk
801 Источник записи _0
a Страна RU
b Организация РУК
c Дата составления 19990426
g Правила каталогизации PSBO
801 Источник записи _1
a Страна RU
b Организация РУК
c Дата составления 19990426
g Правила каталогизации PSBO
852 Данные о местонахождении __
i Авторский знак Т 19
j Шифр хранения ББК 65.9(2)24
901 Тип документа __
t Тип документа m
938 Служебная информация __
a Название организации Головной вуз
b Имя БД BOOK
c Название АИБС АИБС ИРБИС
938 Служебная информация __
a Название организации Башкирский филиал